00765nam a2200217Ia 4500003000900000008004100009020001800050040001600068080001700084100002600101245009900127260003100226300001500257490005700272650004100329650002300370650002600393942000700419999001500426952010600441IN-BaIIA211028s9999 xx 000 0 eng d a0-85274-138-3 cIIA Library a520.362bVAU aVaughan, J. M.916432 4aThe fabry-perot interferometerc J. M. Vaughan  aBristolbAdam Hilgerc1989 axix, 583p. aThe Adam Hilger series on optics and optoelectronics aAstronomy and astrophysics thesaurus aFabry-Perot914583 aInterferometers92643 cBK c9717d9717 00104070aBANbBANcGENd0000-00-00l1o520.362/ VAUp10627r2026-05-21s2026-03-26w0000-00-00yBK